| 000 | 00533nam a22001817a 4500 | ||
|---|---|---|---|
| 003 | 0 | ||
| 005 | 20260113111807.0 | ||
| 008 | 260113b xxu||||| |||| 00| 0 eng d | ||
| 020 | _a978-0-7603-5543-5 | ||
| 082 |
_aREF 398.2 _bT695 2017 |
||
| 100 | _aTracosas, L.J. | ||
| 245 |
_aUltimate expeditions : _bmythological beasts _cL.J. Tracosas |
||
| 260 |
_aBellevue, USA : _bbecker&mayer! kids, _c2017. |
||
| 300 |
_a36 pages : _bcolored illustrations; _c29 cm. |
||
| 650 | _aAnimals Folklore. | ||
| 650 | _aFolklore. | ||
| 942 |
_2ddc _cBK |
||
| 999 |
_c368690 _d368690 |
||